000 00606nam a2200229Ia 4500
003 OSt
005 20220923225306.0
006 a|||||r|||| 00| 0
007 ta
008 220922b |||||||| |||| 00| 0 hin d
024 _a262,149
037 _cTextual
040 _aARTS
_cARTS
_bhin
041 _2hin
_ahin
082 _aO152,1183w, L7
245 0 _aमहात्मा सूरदास
246 _ahinātmā sūradāsa
260 _c1977
650 _aहिन्दी साहित्य
_9156264
942 _hO152,1183w, L7
_cTEXL
_2CC
999 _c377276
_d377276